Automatizované informačné systémy v Európe a USA

Bibliographic Details
Main Author: Schönhauserová, Eva (Author)
Format: Article
Language:Slovak
ISSN:1210-096X
Subjects:

MARC

LEADER 00000nab a2200000 a 4500
001 vtls000605538
003 SK-MaSNL
005 20260304052150.0
008 140301c1996 xo 0 slo
015 |a SNBRB19rr/mm-uuuuu 
035 |a CL0605677 
040 |a SNKBUCL  |b slo  |c SNKBUCL  |e AACR2 
041 0 |a slo 
044 |a xo  |c SK 
080 |a 002.6(4)(73):681.3  |2 1981 
080 |a 681.3  |2 1981 
100 1 |a Schönhauserová, Eva  |4 aut  |9 1335105 
245 1 0 |a Automatizované informačné systémy v Európe a USA  |c Eva Schönhauserová 
650 0 7 |a systémy informačné automatizované  |2 snkbucl  |9 287130 
651 7 |a Spojené štáty americké  |2 snkbucl  |9 18262 
651 7 |a Európa  |2 snkbucl  |9 167569 
655 7 |a články z novín a časopisov  |2 snkbucl  |9 267496 
773 0 |t Knižnice a informácie  |g Roč. 28, č. 11 (1996), s. 469-471  |x 1210-096X 
850 |a Slovenská národná knižnica v Martine  |a MTA001 
852 |a SNK  |b KIS3GCP 
958 |a KL 
958 |a RK 
992 |a RBX 
999 |c 2706921  |d 2708851